LIBRARY & INFORMATION CENTRE, KCAET, TAVANUR

ONLINE PUBLIC ACCESS CATALOGUE (OPAC)

Rajalakshmiyude kathakal / (Record no. 13579)

MARC details
000 -LEADER
fixed length control field 00409cam a2200169ua 4500
041 ## - LANGUAGE CODE
Language code of text/sound track or separate title mal
082 ## - DEWEY DECIMAL CLASSIFICATION NUMBER
Classification number 894.812 301
Item number RAJ/RA
100 ## - MAIN ENTRY--AUTHOR NAME
Personal name Rajalakshmi, .
245 ## - TITLE STATEMENT
Title Rajalakshmiyude kathakal /
250 ## - EDITION STATEMENT
Edition statement 1 /
260 ## - PUBLICATION, DISTRIBUTION, ETC. (IMPRINT)
Place of publication Thrissur :
Name of publisher Current Books ,
Year of publication 1993.
300 ## - PHYSICAL DESCRIPTION
Number of Pages 167 ; .
Holdings
Withdrawn status Lost status Damaged status Home library Current library Date acquired Full call number Accession Number Koha item type
      KAUAET KAUAET 20/09/2022 894.812 301 RAJ/RA 21561 Books
free website counter